Gaming Quiz

Random Gaming or Pokémon Quiz

Rock Pokémon (Gen I) Quiz Stats

 Plays Quiz Updated Jun 17, 2016

Challenge
Share
Tweet
Embed
Score 0/11 Timer 02:00
7 Plays Today
Pokémon name % Correct
Geodude
98.4%
Golem
94.2%
Graveler
93.9%
Onix
91.6%
Kabuto
65.9%
Rhydon
65.4%
Rhyhorn
65.3%
Kabutops
65.1%
Omastar
62.4%
Aerodactyl
62.3%
Omanyte
62%

You're not logged in!

Compare scores with friends on all Sporcle quizzes.
OR
Log In

You Might Also Like...

Show Comments

Extras

Top Quizzes Today


Score Distribution

Your Account Isn't Verified!

In order to create a playlist on Sporcle, you need to verify the email address you used during registration. Go to your Sporcle Settings to finish the process.

Report this User

Report this user for behavior that violates our Community Guidelines.

Details: